000 00589nam a22002057a 4500
003 LK-CoMWRAF
005 20231019224750.0
008 231019b2004 |||||||| |||| 00| 0 eng d
020 _a9558095737
040 _aLK-CoMWRAF
_dLK-CoMWRAF
_eLK-CoMWRAF
041 _aeng
082 _a823
_bABE
100 _aAbeysekara, Tissa
245 _aIn my kingdom of the sun and the holy peak :
_bBeing three stories
260 _aColombo :
_bVijitha yapa publications,
_c2004
300 _axi, 200 p. ; 21 cm.
650 _aEnglish Fiction
650 _aSri Lankan Fiction--English
942 _cBK
999 _c3948
_d3948